| 000 | 00740nam a22002537a 4500 | ||
|---|---|---|---|
| 001 | 51857 | ||
| 003 | BD-RjUL | ||
| 005 | 20211209075724.0 | ||
| 008 | 160904s1954 ii ||||| |||| 001 0 eng d | ||
| 035 | _a(BD-RjUL)51977 | ||
| 040 |
_aBD-RjUL _beng _cBD-RjUL |
||
| 041 | _aeng | ||
| 082 |
_223 _a347.0554 _bSAS 1954 |
||
| 100 | 1 |
_aSarkar, S. C. _9140355 |
|
| 245 | 1 | 0 |
_aSarkar's civil court practice and procedure manual / _cS.C. Sarkar. |
| 250 | _a7th ed. | ||
| 260 |
_aCalcutta : _bS.C. Sarkar & Sons, _c1954. |
||
| 300 |
_axvi, 340 p. ; _c23 cm. |
||
| 500 | _aIncludes index. | ||
| 650 |
_aCivil procedure _zIndia. _9142899 |
||
| 650 |
_aCivil procedure _zPakistan. _9142262 |
||
| 650 |
_aCivil procedure _9155121 |
||
| 942 |
_2ddc _cBK |
||
| 999 |
_c51857 _d51857 |
||